Lebenswelt der Gnosis
| Main Author: | |
|---|---|
| Format: | Print Article |
| Language: | German |
| Check availability: | HBZ Gateway |
| Interlibrary Loan: | Interlibrary Loan for the Fachinformationsdienste (Specialized Information Services in Germany) |
| Published: |
2007
|
| In: |
Kulturgeschichte der Bibel
Year: 2007, Pages: 443-455 |
| IxTheo Classification: | BF Gnosticism |
| Further subjects: | B
Redemption
B Gnosis |
MARC
| LEADER | 00000caa a22000002c 4500 | ||
|---|---|---|---|
| 001 | 1589544285 | ||
| 003 | DE-627 | ||
| 005 | 20231219155314.0 | ||
| 007 | tu | ||
| 008 | 190311s2007 xx ||||| 00| ||ger c | ||
| 020 | |a 9783525573099 | ||
| 035 | |a (DE-627)1589544285 | ||
| 035 | |a (DE-576)519544285 | ||
| 035 | |a (DE-599)BSZ519544285 | ||
| 040 | |a DE-627 |b ger |c DE-627 |e rakwb | ||
| 041 | |a ger | ||
| 084 | |a 1 |2 ssgn | ||
| 100 | 1 | |0 (DE-588)120448033 |0 (DE-627)080680445 |0 (DE-576)213158817 |4 aut |a Woschitz, Karl Matthäus |d 1937- | |
| 109 | |a Woschitz, Karl Matthäus 1937- |a Woschitz, Karl 1937- |a Woschitz, Karl M. 1937- |a Woschitz, Matthäus 1937- | ||
| 245 | 1 | 0 | |a Lebenswelt der Gnosis |
| 264 | 1 | |c 2007 | |
| 336 | |a Text |b txt |2 rdacontent | ||
| 337 | |a ohne Hilfsmittel zu benutzen |b n |2 rdamedia | ||
| 338 | |a Band |b nc |2 rdacarrier | ||
| 601 | |a Lebenswelt | ||
| 650 | 0 | 7 | |0 (DE-588)4021391-2 |0 (DE-627)104571888 |0 (DE-576)208937544 |a Gnosis |2 gnd |
| 650 | 0 | 7 | |0 (DE-588)4015317-4 |0 (DE-627)106337149 |0 (DE-576)20891126X |a Erlösung |2 gnd |
| 652 | |a BF | ||
| 773 | 0 | 8 | |i In |t Kulturgeschichte der Bibel |d Göttingen : Vandenhoeck & Ruprecht, 2007 |g (2007), Seite 443-455 |h 487 S. |w (DE-627)522182003 |w (DE-576)260744719 |z 9783525573099 |z 352557309X |7 nnam |
| 773 | 1 | 8 | |g year:2007 |g pages:443-455 |
| 935 | |a BIIN |a mteo | ||
| 951 | |a AR | ||
| BIB | |a 1 | ||
| ELC | |b 1 | ||
| ITA | |a 1 |t 1 | ||
| LOK | |0 000 xxxxxcx a22 zn 4500 | ||
| LOK | |0 001 4441051344 | ||
| LOK | |0 003 DE-627 | ||
| LOK | |0 004 1589544285 | ||
| LOK | |0 005 20231219154133 | ||
| LOK | |0 008 231219||||||||||||||||ger||||||| | ||
| LOK | |0 040 |a DE-Tue135 |c DE-627 |d DE-Tue135 | ||
| LOK | |0 092 |o n | ||
| LOK | |0 852 |a DE-Tue135 | ||
| LOK | |0 852 1 |9 00 | ||
| LOK | |0 939 |a 19-12-23 |b l01 | ||
| LOK | |0 000 xxxxxcx a22 zn 4500 | ||
| LOK | |0 001 3059544360 | ||
| LOK | |0 003 DE-627 | ||
| LOK | |0 004 1589544285 | ||
| LOK | |0 005 20190311213215 | ||
| LOK | |0 008 190311||||||||||||||||ger||||||| | ||
| LOK | |0 035 |a (DE-Tue135-1)177356 | ||
| LOK | |0 040 |a DE-Tue135-1 |c DE-627 |d DE-Tue135-1 | ||
| LOK | |0 852 |a DE-Tue135-1 | ||
| LOK | |0 852 1 |c FTHAT060012/WZK |m p |9 00 | ||
| LOK | |0 852 2 |b E 31 |9 00 | ||
| LOK | |0 935 |a iSWA | ||
| LOK | |0 936ln |0 1442043415 |a BF | ||
| LOK | |0 938 |k p | ||
| LOK | |0 939 |a 11-03-19 |b l12 | ||
| ORI | |a SA-MARC-ixtheoa001.raw | ||
| REL | |a 1 | ||
| STA | 0 | 0 | |a Gnosis,Gnosis,Gnosticism,Redemption,Redemption,Salvation |
| STB | 0 | 0 | |a Gnosticisme,Gnosticisme,Gnose,Gnose,Gnose,Gnose (motif),Gnose,Rédemption,Rédemption |
| STC | 0 | 0 | |a Gnosis,Gnosis,Redención,Redención |
| STD | 0 | 0 | |a Gnosi,Gnosi,Redenzione,Redenzione |
| STE | 0 | 0 | |a 救赎,救赎,解放,拯救,解放,拯救,诺斯底主义,灵知派,灵智派 |
| STF | 0 | 0 | |a 救贖,救贖,解放,拯救,解放,拯救,諾斯底主義,靈知派,靈智派 |
| STG | 0 | 0 | |a Gnose,Gnose,Redenção,Redenção |
| STH | 0 | 0 | |a Гностицизм (мотив),Гностицизм,Спасение (мотив),Спасение |
| STI | 0 | 0 | |a Γνώση (μοτίβο),Γνώση,Λύτρωση <μοτίβο>,Λύτρωση,Σωτηρία,Σωτηρία (μοτίβο) |
| SUB | |a BIB |a REL | ||
| SYE | 0 | 0 | |a Gnostizismus |